Central Library OPAC University of Rajshahi

বঙ্গদেশীয় হিন্দু-মুসলমান / (Record no. 76045)

MARC details
000 -LEADER
fixed length control field 01813nam a2200349 a 4500
001 - CONTROL NUMBER
control field 76045
003 - CONTROL NUMBER IDENTIFIER
rucl marc code BD-RjUL
005 - DATE AND TIME OF LATEST TRANSACTION
control field 20211209082800.0
008 - FIXED-LENGTH DATA ELEMENTS--GENERAL INFORMATION
fixed length control field 191015s1994 bg ||||| |||| 00| 0dben d
020 ## - INTERNATIONAL STANDARD BOOK NUMBER
International Standard Book Number 9840602594
Terms of availability : Tk. 50.00
035 ## - SYSTEM CONTROL NUMBER
System control number (BD-RjUL)76264
040 ## - CATALOGING SOURCE
Original cataloging agency BD-RjUL
Language of cataloging eng
Transcribing agency BD-RjUL
Modifying agency BD-RjUL
041 ## - LANGUAGE CODE
Language code of text/sound track or separate title ben
082 ## - DEWEY DECIMAL CLASSIFICATION NUMBER
Edition number 23
Classification number 954.14
Author mark and year HOB 1994
100 1# - MAIN ENTRY--PERSONAL NAME
Personal name হোসেন, মোহাম্মদ গোলাম
9 (RLIN) 233748
245 10 - TITLE STATEMENT
Title বঙ্গদেশীয় হিন্দু-মুসলমান /
Statement of responsibility, etc. মোহাম্মদ গোলাম হোসেন ; মুহম্মদ আবূ তালিব সম্পাদিত
250 ## - EDITION STATEMENT
Edition statement ২য় (প্রথম ফাবা ) সং.
260 ## - PUBLICATION, DISTRIBUTION, ETC. (IMPRINT)
Place of publication, distribution, etc. ঢাকা:
Name of publisher, distributor, etc. ইসলামিক ফাউন্ডেশন বাংলাদেশ,
Date of publication, distribution, etc. ১৯৯৪
300 ## - PHYSICAL DESCRIPTION
Pagination [২৪], ১৭৬ পৃ. ;
Size ২১ সেমি.
490 ## - SERIES STATEMENT
Series statement ইফাবা প্রকাশনা ;
Volume/sequential designation ১৮১৩
650 ## - SUBJECT ADDED ENTRY--TOPICAL TERM
Topical term or geographic name as entry element বঙ্গ (ভারত)
General subdivision ইতিহাস
9 (RLIN) 233749
Topical term or geographic name as entry element Bengal (India)
General subdivision History
9 (RLIN) 233750
Topical term or geographic name as entry element সাম্প্রদায়িকতা
Geographic subdivision ভারত
-- বঙ্গ
General subdivision ইতিহাস
9 (RLIN) 194328
Topical term or geographic name as entry element Communalism
Geographic subdivision India
-- Bengal
General subdivision History
9 (RLIN) 233751
Topical term or geographic name as entry element হিন্দু
Geographic subdivision ভারত
-- বঙ্গ
General subdivision ইতিহাস
9 (RLIN) 233752
Topical term or geographic name as entry element Hindus
Geographic subdivision India
-- Bengal
General subdivision History
9 (RLIN) 233753
Topical term or geographic name as entry element মুসলমান
Geographic subdivision ভারত
-- বঙ্গ
General subdivision ইতিহাস
9 (RLIN) 233755
Topical term or geographic name as entry element Muslims
Geographic subdivision India
-- Bengal
General subdivision History
9 (RLIN) 233756
700 ## - ADDED ENTRY--PERSONAL NAME
Personal name তালিব, মুহম্মদ আবূ, সম্পাদক
830 ## - SERIES ADDED ENTRY--UNIFORM TITLE
Uniform title ইফাবা প্রকাশনা ;
Volume number/sequential designation ১৮১৩
942 ## - ADDED ENTRY ELEMENTS (KOHA)
Source of classification or shelving scheme Dewey Decimal Classification
Koha item type Rare Books
Holdings
Lost status Source of classification or shelving scheme Damaged status Not for loan Collection code Permanent Location Current Location Shelving location Date acquired Source of acquisition Cost, normal purchase price Total Checkouts Full call number Date last seen Copy number Koha item type
  Dewey Decimal Classification   Not For Loan Rare Books Central Library, University of Rajshahi Central Library, University of Rajshahi Rare Book Section 21/07/1996 Achin Pakhi, Rajshahi 50.00   BRA 954.14 HOB 1994 15/10/2019 C-1 Rare Books